Pơ-Rem Chan và hiện thực xã hỗi Ấn Độ /

保存先:
書誌詳細
第一著者: Nam Liên.
フォーマット: 論文
言語:Vietnamese
主題:
タグ: タグ追加
タグなし, このレコードへの初めてのタグを付けませんか!
Thư viện lưu trữ: Thư viện Trường Đại học Đà Lạt
LEADER 00745nam a2200265 4500
001 DLU090068162
005 ##20090422
040 # # |a DLU  |b vie 
041 # # |a vie 
044 # # |a vn 
100 # # |a Nam Liên. 
245 # # |a Pơ-Rem Chan và hiện thực xã hỗi Ấn Độ /  |c Nam Liên.  
653 # # |a Ấn Độ 
653 # # |a Văn học hiện thực 
653 # # |a Văn học thế giới 
773 # # |t Tạp chí văn học  |g Số5, 1978, tr.118-128,153 
920 # # |a Phòng Tạp chí -- Trung tâm Thông tin - Thư viện Trường Đại học Đà Lạt 
994 # # |a DLU 
900 # # |a True 
911 # # |a Nguyễn Thị Linh Chi 
925 # # |a G 
926 # # |a A 
927 # # |a BB 
980 # # |a Thư viện Trường Đại học Đà Lạt